000
00309nam a22001337a 4500
003
OSt
005
20170105103446.0
008
131203t xxu||||| |||| 00| 0 eng d
020
_a
978-0-470-05246-4
040
_c
ASAB
100
_a
R. Ian Freshney
_9
374
245
_a
Culture of Human Stem Cells
942
_2
ddc
_c
BK
999
_c
16644
_d
16644